W.B. Yeats and the theatre of desolate reality / (Record no. 79641)
[ view plain ]
| 000 -LEADER | |
|---|---|
| fixed length control field | 00775nam a2200241 a 4500 |
| 001 - CONTROL NUMBER | |
| control field | 79641 |
| 003 - CONTROL NUMBER IDENTIFIER | |
| rucl marc code | BD-RjUL |
| 005 - DATE AND TIME OF LATEST TRANSACTION | |
| control field | 20220330161334.0 |
| 008 - FIXED-LENGTH DATA ELEMENTS--GENERAL INFORMATION | |
| fixed length control field | 220330s1965 ie b 000 0 eng |
| 035 ## - SYSTEM CONTROL NUMBER | |
| System control number | (BD-RjUL)79641 |
| 040 ## - CATALOGING SOURCE | |
| Original cataloging agency | DLC |
| Transcribing agency | ScU |
| Modifying agency | OCoLC |
| -- | OTU |
| -- | Uk |
| -- | DLC |
| Language of cataloging | eng |
| 041 ## - LANGUAGE CODE | |
| Language code of text/sound track or separate title | eng |
| 082 ## - DEWEY DECIMAL CLASSIFICATION NUMBER | |
| Edition number | 23 |
| Classification number | 822.91 |
| Author mark and year | CLW 1965 |
| 100 1# - MAIN ENTRY--PERSONAL NAME | |
| Personal name | Clark, David R. |
| 9 (RLIN) | 2160 |
| 245 10 - TITLE STATEMENT | |
| Title | W.B. Yeats and the theatre of desolate reality / |
| Statement of responsibility, etc. | [by] David R. Clark. |
| 260 ## - PUBLICATION, DISTRIBUTION, ETC. (IMPRINT) | |
| Place of publication, distribution, etc. | Dublin : |
| Name of publisher, distributor, etc. | Dolmen Press, |
| Date of publication, distribution, etc. | 1965 |
| 300 ## - PHYSICAL DESCRIPTION | |
| Pagination | 125 p.; |
| Size | 21 cm. |
| 500 ## - GENERAL NOTE | |
| General note | Revision of the author's thesis, Yale University. |
| 504 ## - BIBLIOGRAPHY, ETC. NOTE | |
| Bibliography, etc | Bibliography: p. 123-125. |
| 600 10 - SUBJECT ADDED ENTRY--PERSONAL NAME | |
| Personal name | Yeats, W. B. |
| Fuller form of name | (William Butler), |
| Dates associated with a name | 1865-1939 |
| General subdivision | Dramatic works. |
| 650 #0 - SUBJECT ADDED ENTRY--TOPICAL TERM | |
| Topical term or geographic name as entry element | Realism in literature |
| 9 (RLIN) | 2162 |
| 942 ## - ADDED ENTRY ELEMENTS (KOHA) | |
| Source of classification or shelving scheme | Dewey Decimal Classification |
| Koha item type | Books |
| Lost status | Source of classification or shelving scheme | Damaged status | Not for loan | Collection code | Permanent Location | Current Location | Shelving location | Date acquired | Source of acquisition | Cost, normal purchase price | Total Checkouts | Full call number | Date last seen | Copy number | Koha item type |
|---|---|---|---|---|---|---|---|---|---|---|---|---|---|---|---|
| Dewey Decimal Classification | Not For Loan | Non-fiction | Central Library, University of Rajshahi | Central Library, University of Rajshahi | General Stacks | 01/07/1968 | Swet & Zeitlinger | 30.00 | 822.91 CLW 1965 | 30/03/2022 | C-1 | Books |